[Event "Elite Hotels Open 2025"]
[Site "Elite Stadshotellet, Växjö, Sweden"]
[Date "2025.02.07"]
[Round "2.8"]
[White "Ostensson, Julia"]
[Black "Jacobsen, Mikkel Manosri"]
[Result "1-0"]
[TimeControl "R1-4: 15 min + 5 sek, R5-8: 90 min + 30 sek"]
[BlackTitle "FM"]
[WhiteElo "1979"]
[BlackElo "2314"]

1. e4 {[%clk 00:15:07]} {[%emt 00:00:02]} c5 {[%clk 00:15:04]} {[%emt
00:00:07]} 2. Nf3 {[%clk 00:15:09]} {[%emt 00:00:03]} Nf6 {[%clk 00:15:07]}
{[%emt 00:00:02]} 3. Nc3 {[%clk 00:14:17]} {[%emt 00:00:57]} d5 {[%clk
00:15:10]} {[%emt 00:00:02]} 4. exd5 {[%clk 00:14:11]} {[%emt 00:00:11]} Nxd5
{[%clk 00:15:13]} {[%emt 00:00:02]} 5. Bc4 {[%clk 00:12:56]} {[%emt 00:01:20]}
Nb6 {[%clk 00:14:42]} {[%emt 00:00:36]} 6. Be2 {[%clk 00:11:49]} {[%emt
00:01:13]} Nc6 {[%clk 00:14:40]} {[%emt 00:00:07]} 7. O-O {[%clk 00:11:42]}
{[%emt 00:00:11]} e6 {[%clk 00:14:17]} {[%emt 00:00:28]} 8. d3 {[%clk
00:10:23]} {[%emt 00:01:24]} Be7 {[%clk 00:14:02]} {[%emt 00:00:20]} 9. Bf4
{[%clk 00:09:25]} {[%emt 00:01:04]} O-O {[%clk 00:13:43]} {[%emt 00:00:23]} 10.
h3 {[%clk 00:08:37]} {[%emt 00:00:53]} Nd4 {[%clk 00:12:43]} {[%emt 00:01:05]}
11. Nxd4 {[%clk 00:08:09]} {[%emt 00:00:34]} cxd4 {[%clk 00:12:09]} {[%emt
00:00:38]} 12. Nb5 {[%clk 00:06:12]} {[%emt 00:02:02]} Nd5 {[%clk 00:11:37]}
{[%emt 00:00:37]} 13. Be5 {[%clk 00:05:23]} {[%emt 00:00:54]} Bf6 {[%clk
00:10:40]} {[%emt 00:01:02]} 14. Bxd4 {[%clk 00:04:45]} {[%emt 00:00:42]} a6
{[%clk 00:10:44]} {[%emt 00:00:02]} 15. Bxf6 {[%clk 00:04:46]} {[%emt
00:00:05]} Qxf6 {[%clk 00:10:46]} {[%emt 00:00:02]} 16. Na3 {[%clk 00:03:57]}
{[%emt 00:00:54]} Qxb2 {[%clk 00:10:41]} {[%emt 00:00:11]} 17. Nc4 {[%clk
00:04:00]} {[%emt 00:00:02]} Qf6 {[%clk 00:08:23]} {[%emt 00:02:22]} 18. Bf3
{[%clk 00:03:21]} {[%emt 00:00:45]} Bd7 {[%clk 00:08:14]} {[%emt 00:00:13]} 19.
Re1 {[%clk 00:01:42]} {[%emt 00:01:43]} Bc6 {[%clk 00:06:48]} {[%emt 00:01:32]}
20. Qd2 {[%clk 00:01:24]} {[%emt 00:00:24]} Rfd8 {[%clk 00:05:53]} {[%emt
00:01:00]} 21. Ne5 {[%clk 00:01:15]} {[%emt 00:00:14]} Rac8 {[%clk 00:04:57]}
{[%emt 00:01:00]} 22. Rab1 {[%clk 00:01:08]} {[%emt 00:00:13]} Nf4 {[%clk
00:02:53]} {[%emt 00:02:08]} 23. Bxc6 {[%clk 00:01:03]} {[%emt 00:00:11]} bxc6
{[%clk 00:02:51]} {[%emt 00:00:07]} 24. Rb4 {[%clk 00:00:37]} {[%emt 00:00:31]}
Ng6 {[%clk 00:00:44]} {[%emt 00:02:11]} 25. Nxg6 {[%clk 00:00:08]} {[%emt
00:00:34]} hxg6 {[%clk 00:00:46]} {[%emt 00:00:04]} 26. Rb6 {[%clk 00:00:06]}
{[%emt 00:00:07]} c5 {[%clk 00:00:49]} {[%emt 00:00:02]} 27. Rxa6 {[%clk
00:00:10]} {[%emt 00:00:01]} c4 {[%clk 00:00:52]} {[%emt 00:00:01]} 28. Qe3
{[%clk 00:00:08]} {[%emt 00:00:07]} cxd3 {[%clk 00:00:43]} {[%emt 00:00:15]} 29.
cxd3 Rc2 {[%clk 00:00:21]} {[%emt 00:00:27]} 30. a4 {[%clk 00:00:09]} {[%emt
00:00:09]} Rxd3 {[%clk 00:00:16]} {[%emt 00:00:09]} 31. Ra8+ {[%clk 00:00:10]}
{[%emt 00:00:04]} Kh7 {[%clk 00:00:20]} 32. Qb6 {[%clk 00:00:07]} {[%emt
00:00:08]} Rdd2 {[%clk 00:00:19]} {[%emt 00:00:07]} 33. Rf1 {[%clk 00:00:09]}
{[%emt 00:00:02]} Qc3 {[%clk 00:00:14]} {[%emt 00:00:10]} 34. Qb8 {[%clk
00:00:09]} {[%emt 00:00:06]} g5 {[%clk 00:00:16]} {[%emt 00:00:02]} 35. Qh8+
{[%clk 00:00:09]} {[%emt 00:00:05]} Kg6 {[%clk 00:00:20]} 36. h4 {[%clk
00:00:09]} {[%emt 00:00:06]} g4 {[%clk 00:00:06]} {[%emt 00:00:18]} 37. h5+
{[%clk 00:00:13]} {[%emt 00:00:01]} Kg5 {[%clk 00:00:10]} 38. h6 {[%clk
00:00:11]} {[%emt 00:00:07]} gxh6 {[%clk 00:00:06]} {[%emt 00:00:09]} 39. Qxc3
{[%clk 00:00:07]} {[%emt 00:00:08]} Rxc3 {[%clk 00:00:10]} {[%emt 00:00:02]} 40.
Rg8+ {[%clk 00:00:06]} {[%emt 00:00:06]} Kf4 {[%clk 00:00:12]} {[%emt
00:00:04]} 41. Rh8 {[%clk 00:00:07]} {[%emt 00:00:04]} Ra3 {[%clk 00:00:09]}
{[%emt 00:00:08]} 42. Rxh6 {[%clk 00:00:10]} {[%emt 00:00:02]} f5 {[%clk
00:00:12]} {[%emt 00:00:02]} 43. Rxe6 {[%clk 00:00:11]} {[%emt 00:00:03]} Rxa4
{[%emt 00:00:02]} 44. g3+ {[%clk 00:00:11]} {[%emt 00:00:04]} Kg5 {[%clk
00:00:17]} {[%emt 00:00:04]} 45. Re5 {[%clk 00:00:06]} {[%emt 00:00:10]} Raa2
{[%clk 00:00:19]} {[%emt 00:00:02]} 46. Kg2 {[%clk 00:00:09]} {[%emt 00:00:03]}
Ra3 {[%clk 00:00:22]} {[%emt 00:00:02]} 47. Re8 {[%clk 00:00:10]} {[%emt
00:00:05]} Rf3 {[%clk 00:00:25]} 48. Rg8+ {[%clk 00:00:12]} {[%emt 00:00:03]}
Kf6 {[%clk 00:00:29]} 49. Rf8+ {[%clk 00:00:14]} {[%emt 00:00:03]} Ke7 {[%clk
00:00:28]} {[%emt 00:00:07]} 50. Ra8 {[%clk 00:00:15]} {[%emt 00:00:03]} Re2
{[%clk 00:00:12]} {[%emt 00:00:21]} 51. Ra7+ {[%clk 00:00:18]} {[%emt
00:00:02]} Ke6 {[%clk 00:00:15]} {[%emt 00:00:02]} 52. Ra6+ {[%clk 00:00:16]}
{[%emt 00:00:08]} Ke5 {[%clk 00:00:19]} 53. Ra5+ {[%clk 00:00:20]} {[%emt
00:00:01]} Kd6 {[%clk 00:00:12]} {[%emt 00:00:12]} 54. Ra6+ {[%clk 00:00:23]}
{[%emt 00:00:02]} Kc5 {[%clk 00:00:15]} {[%emt 00:00:02]} 55. Raa1 {[%clk
00:00:26]} Rd2 {[%clk 00:00:07]} {[%emt 00:00:14]} 56. Rac1+ {[%clk 00:00:29]}
{[%emt 00:00:01]} Kd4 {[%clk 00:00:11]} 57. Ra1 {[%clk 00:00:29]} {[%emt
00:00:06]} Kd3 {[%clk 00:00:13]} {[%emt 00:00:03]} 58. Rae1 {[%clk 00:00:31]}
{[%emt 00:00:03]} Rc2 {[%clk 00:00:15]} {[%emt 00:00:03]} 59. Rd1+ {[%clk
00:00:34]} {[%emt 00:00:02]} Kc3 {[%clk 00:00:18]} {[%emt 00:00:02]} 60. Rd8
{[%clk 00:00:35]} {[%emt 00:00:03]} Re2 {[%clk 00:00:10]} {[%emt 00:00:13]} 61.
Rc8+ {[%clk 00:00:36]} {[%emt 00:00:05]} Kb2 {[%clk 00:00:11]} {[%emt
00:00:04]} 62. Rb8+ {[%clk 00:00:39]} {[%emt 00:00:01]} Kc2 {[%clk 00:00:12]}
{[%emt 00:00:04]} 63. Rc8+ {[%clk 00:00:43]} Kd2 {[%clk 00:00:15]} {[%emt
00:00:02]} 64. Rd8+ {[%clk 00:00:47]} {[%emt 00:00:02]} Rd3 {[%clk 00:00:18]}
65. Rf8 {[%clk 00:00:10]} {[%emt 00:00:43]} Rf3 {[%clk 00:00:12]} {[%emt
00:00:11]} 66. Rd8+ {[%clk 00:00:13]} {[%emt 00:00:02]} Rd3 {[%clk 00:00:15]}
{[%emt 00:00:02]} 67. Rf8 {[%clk 00:00:17]} {[%emt 00:00:01]} Rd5 {[%clk
00:00:18]} 68. Ra8 {[%clk 00:00:16]} {[%emt 00:00:06]} Rd3 {[%clk 00:00:08]}
{[%emt 00:00:15]} 69. Ra2+ {[%clk 00:00:20]} {[%emt 00:00:02]} 1-0

[Event "Elite Hotels Open 2025"]
[Site "Elite Stadshotellet, Växjö, Sweden"]
[Date "2025.02.07"]
[Round "2.9"]
[White "Ostlund, Joar"]
[Black "KHASCHULUU, Sergelenbaatar"]
[Result "1-0"]
[TimeControl "R1-4: 15 min + 5 sek, R5-8: 90 min + 30 sek"]
[WhiteTitle "FM"]
[WhiteElo "2312"]
[BlackElo "1975"]

1. d4 {[%clk 00:15:08]} {[%emt 00:00:02]} d5 {[%clk 00:15:07]} {[%emt
00:00:02]} 2. c4 {[%clk 00:15:11]} {[%emt 00:00:03]} c6 {[%clk 00:15:10]}
{[%emt 00:00:03]} 3. Nf3 {[%clk 00:15:14]} {[%emt 00:00:01]} e6 {[%clk
00:15:03]} {[%emt 00:00:12]} 4. Nbd2 {[%clk 00:15:12]} {[%emt 00:00:06]} Nf6
{[%clk 00:14:31]} {[%emt 00:00:37]} 5. g3 {[%clk 00:15:14]} {[%emt 00:00:03]}
c5 {[%clk 00:14:30]} {[%emt 00:00:06]} 6. cxd5 {[%clk 00:13:41]} {[%emt
00:01:38]} exd5 {[%clk 00:14:33]} {[%emt 00:00:02]} 7. Bg2 {[%clk 00:13:34]}
{[%emt 00:00:12]} Nc6 {[%clk 00:14:31]} {[%emt 00:00:07]} 8. O-O {[%clk
00:13:15]} {[%emt 00:00:25]} c4 {[%clk 00:13:19]} {[%emt 00:01:16]} 9. b3
{[%clk 00:07:48]} {[%emt 00:05:32]} cxb3 {[%clk 00:11:12]} {[%emt 00:02:12]} 10.
Qxb3 {[%clk 00:07:02]} {[%emt 00:00:51]} Be7 {[%clk 00:07:33]} {[%emt
00:03:44]} 11. Ba3 {[%clk 00:06:48]} {[%emt 00:00:19]} O-O {[%clk 00:07:28]}
{[%emt 00:00:11]} 12. e3 {[%clk 00:06:40]} {[%emt 00:00:13]} Bf5 {[%clk
00:06:37]} {[%emt 00:00:56]} 13. Rfc1 {[%clk 00:04:16]} {[%emt 00:02:29]} Rc8
{[%clk 00:05:34]} {[%emt 00:01:08]} 14. Qb2 {[%clk 00:02:53]} {[%emt 00:01:28]}
b6 {[%clk 00:05:19]} {[%emt 00:00:19]} 15. Bxe7 {[%clk 00:02:11]} {[%emt
00:00:48]} Qxe7 {[%clk 00:05:18]} {[%emt 00:00:06]} 16. a3 {[%clk 00:01:24]}
{[%emt 00:00:51]} Na5 {[%clk 00:05:21]} {[%emt 00:00:02]} 17. Ne5 {[%clk
00:01:13]} {[%emt 00:00:16]} Ne4 {[%clk 00:04:53]} {[%emt 00:00:33]} 18. Nxe4
{[%emt 00:00:47]} Bxe4 {[%clk 00:04:36]} {[%emt 00:00:06]} 19. Bxe4 {[%clk
00:00:41]} {[%emt 00:00:11]} dxe4 {[%clk 00:04:40]} {[%emt 00:00:02]} 20. Rxc8
{[%clk 00:00:25]} {[%emt 00:00:20]} Rxc8 {[%clk 00:04:43]} {[%emt 00:00:02]} 21.
Rc1 {[%clk 00:00:29]} {[%emt 00:00:01]} Qe8 {[%clk 00:03:45]} {[%emt 00:01:03]}
22. Rxc8 {[%clk 00:00:15]} {[%emt 00:00:19]} Qxc8 {[%clk 00:03:48]} {[%emt
00:00:01]} 23. Qa2 {[%clk 00:00:16]} {[%emt 00:00:05]} Qc7 {[%clk 00:03:32]}
{[%emt 00:00:22]} 24. Qd5 {[%clk 00:00:15]} {[%emt 00:00:06]} Nb7 {[%clk
00:03:08]} {[%emt 00:00:29]} 25. Qxe4 {[%clk 00:00:14]} {[%emt 00:00:05]} b5
{[%clk 00:02:33]} {[%emt 00:00:41]} 26. Nc6 {[%clk 00:00:07]} {[%emt 00:00:12]}
Nd6 {[%clk 00:01:47]} {[%emt 00:00:50]} 27. Qd5 {[%clk 00:00:11]} Kf8 {[%clk
00:01:21]} {[%emt 00:00:31]} 28. Nxa7 {[%clk 00:00:08]} {[%emt 00:00:09]} Qc1+
{[%clk 00:00:48]} {[%emt 00:00:37]} 29. Kg2 {[%clk 00:00:12]} {[%emt 00:00:01]}
Qxa3 {[%clk 00:00:52]} {[%emt 00:00:02]} 30. Nxb5 {[%clk 00:00:08]} {[%emt
00:00:08]} Nxb5 {[%clk 00:00:49]} {[%emt 00:00:08]} 31. Qd8# {[%clk 00:00:12]}
{[%emt 00:00:01]} 1-0

[Event "Elite Hotels Open 2025"]
[Site "Elite Stadshotellet, Växjö, Sweden"]
[Date "2025.02.07"]
[Round "2.10"]
[White "Ekberg, Karl"]
[Black "Ernst, Thomas"]
[Result "0-1"]
[TimeControl "R1-4: 15 min + 5 sek, R5-8: 90 min + 30 sek"]
[BlackTitle "GM"]
[WhiteElo "1965"]
[BlackElo "2299"]

1. c4 {[%clk 00:15:07]} {[%emt 00:00:03]} c5 {[%clk 00:15:06]} {[%emt
00:00:04]} 2. g3 {[%clk 00:15:08]} {[%emt 00:00:03]} Nf6 {[%clk 00:15:06]}
{[%emt 00:00:05]} 3. Nc3 {[%clk 00:15:10]} {[%emt 00:00:03]} d5 {[%clk
00:15:02]} {[%emt 00:00:09]} 4. cxd5 {[%clk 00:14:39]} {[%emt 00:00:36]} Nxd5
{[%clk 00:15:05]} {[%emt 00:00:02]} 5. Bg2 {[%clk 00:14:07]} {[%emt 00:00:38]}
Nc7 {[%clk 00:15:06]} {[%emt 00:00:04]} 6. Nf3 {[%clk 00:14:04]} {[%emt
00:00:08]} Nc6 {[%clk 00:15:07]} {[%emt 00:00:04]} 7. O-O {[%clk 00:13:56]}
{[%emt 00:00:12]} e5 {[%clk 00:15:07]} {[%emt 00:00:05]} 8. a3 {[%clk
00:13:47]} {[%emt 00:00:14]} f6 {[%clk 00:13:53]} {[%emt 00:01:20]} 9. Ne1
{[%clk 00:13:17]} {[%emt 00:00:35]} Be7 {[%clk 00:13:37]} {[%emt 00:00:20]} 10.
Nc2 {[%clk 00:12:27]} {[%emt 00:00:56]} a5 {[%clk 00:13:24]} {[%emt 00:00:18]}
11. a4 {[%clk 00:10:31]} {[%emt 00:02:01]} O-O {[%clk 00:13:13]} {[%emt
00:00:16]} 12. Na3 {[%clk 00:10:18]} {[%emt 00:00:18]} Be6 {[%clk 00:13:01]}
{[%emt 00:00:16]} 13. d3 {[%clk 00:09:59]} {[%emt 00:00:25]} Na6 {[%clk
00:12:12]} {[%emt 00:00:54]} 14. Be3 {[%clk 00:09:03]} {[%emt 00:01:01]} Nab4
{[%clk 00:11:52]} {[%emt 00:00:24]} 15. Rc1 {[%clk 00:07:16]} {[%emt 00:01:53]}
Rc8 {[%clk 00:11:26]} {[%emt 00:00:31]} 16. Ne4 {[%clk 00:06:49]} {[%emt
00:00:32]} Nd4 {[%clk 00:10:50]} {[%emt 00:00:41]} 17. Nc4 {[%clk 00:06:19]}
{[%emt 00:00:35]} b6 {[%clk 00:10:41]} {[%emt 00:00:14]} 18. Bd2 {[%clk
00:05:53]} {[%emt 00:00:31]} Rb8 {[%clk 00:10:09]} {[%emt 00:00:36]} 19. Bxb4
{[%clk 00:04:55]} {[%emt 00:01:04]} axb4 {[%clk 00:10:00]} {[%emt 00:00:14]} 20.
b3 {[%clk 00:03:59]} {[%emt 00:01:02]} Qc7 {[%clk 00:08:08]} {[%emt 00:01:54]}
21. e3 {[%clk 00:03:40]} {[%emt 00:00:26]} Nf5 {[%clk 00:07:33]} {[%emt
00:00:39]} 22. Qe2 {[%clk 00:03:38]} {[%emt 00:00:07]} Rfd8 {[%clk 00:07:25]}
{[%emt 00:00:13]} 23. f4 {[%clk 00:03:34]} {[%emt 00:00:10]} exf4 {[%clk
00:07:13]} {[%emt 00:00:17]} 24. Rxf4 {[%clk 00:02:27]} {[%emt 00:01:12]} Nd6
{[%clk 00:07:00]} {[%emt 00:00:17]} 25. Ned2 {[%clk 00:01:56]} {[%emt
00:00:36]} Nxc4 {[%clk 00:06:46]} {[%emt 00:00:19]} 26. Nxc4 {[%clk 00:01:57]}
{[%emt 00:00:05]} Bf7 {[%clk 00:05:56]} {[%emt 00:00:54]} 27. Be4 {[%clk
00:01:40]} {[%emt 00:00:23]} g6 {[%clk 00:05:37]} {[%emt 00:00:23]} 28. Rcf1
{[%clk 00:01:33]} {[%emt 00:00:12]} f5 {[%clk 00:05:05]} {[%emt 00:00:38]} 29.
Bg2 {[%clk 00:01:35]} {[%emt 00:00:03]} Bg5 {[%clk 00:04:41]} {[%emt 00:00:28]}
30. g4 {[%clk 00:00:47]} {[%emt 00:00:53]} Bxf4 {[%clk 00:04:38]} {[%emt
00:00:08]} 31. Rxf4 {[%clk 00:00:51]} {[%emt 00:00:02]} Re8 {[%clk 00:04:01]}
{[%emt 00:00:41]} 32. Qf2 {[%clk 00:00:40]} {[%emt 00:00:16]} fxg4 {[%clk
00:03:34]} {[%emt 00:00:33]} 33. Rxg4 {[%clk 00:00:21]} {[%emt 00:00:24]} Rbd8
{[%clk 00:03:18]} {[%emt 00:00:20]} 34. h4 {[%clk 00:00:07]} {[%emt 00:00:20]}
Rxd3 {[%clk 00:02:56]} {[%emt 00:00:27]} 35. h5 {[%clk 00:00:07]} {[%emt
00:00:05]} Qd7 {[%clk 00:01:37]} {[%emt 00:01:23]} 36. hxg6 {[%clk 00:00:09]}
{[%emt 00:00:04]} Bxg6 {[%clk 00:01:21]} {[%emt 00:00:20]} 37. Qg3 {[%clk
00:00:07]} {[%emt 00:00:07]} Kh8 {[%clk 00:01:07]} {[%emt 00:00:19]} 38. Ne5
{[%clk 00:00:10]} {[%emt 00:00:02]} Rd1+ {[%clk 00:00:56]} {[%emt 00:00:16]} 39.
Kh2 {[%clk 00:00:11]} {[%emt 00:00:05]} Rxe5 {[%clk 00:00:34]} {[%emt
00:00:26]} 40. Qxe5+ {[%clk 00:00:14]} {[%emt 00:00:02]} Kg8 {[%clk 00:00:37]}
{[%emt 00:00:02]} 41. Rf4 {[%clk 00:00:09]} {[%emt 00:00:10]} Rd2 {[%clk
00:00:31]} {[%emt 00:00:11]} 42. Kg3 {[%clk 00:00:07]} {[%emt 00:00:08]} Qd6
{[%clk 00:00:22]} {[%emt 00:00:13]} 43. Qxd6 {[%emt 00:00:07]} Rxd6 {[%emt
00:00:01]} 0-1

[Event "Elite Hotels Open 2025"]
[Site "Elite Stadshotellet, Växjö, Sweden"]
[Date "2025.02.07"]
[Round "2.11"]
[White "Cederstam, Carl"]
[Black "Nilsson, Weine"]
[Result "1-0"]
[TimeControl "R1-4: 15 min + 5 sek, R5-8: 90 min + 30 sek"]
[WhiteTitle "FM"]
[WhiteElo "2264"]
[BlackElo "1960"]

1. e4 {[%clk 00:15:02]} {[%emt 00:00:09]} c5 {[%clk 00:15:06]} {[%emt
00:00:03]} 2. Nf3 {[%clk 00:15:04]} {[%emt 00:00:03]} d6 {[%clk 00:15:10]} 3.
Bb5+ {[%clk 00:15:04]} {[%emt 00:00:05]} Nc6 {[%clk 00:15:06]} {[%emt
00:00:09]} 4. O-O {[%clk 00:15:00]} {[%emt 00:00:09]} Bd7 {[%clk 00:15:09]}
{[%emt 00:00:03]} 5. Re1 {[%clk 00:14:58]} {[%emt 00:00:07]} e5 {[%clk
00:15:04]} {[%emt 00:00:10]} 6. c3 {[%clk 00:14:54]} {[%emt 00:00:09]} Nf6
{[%clk 00:14:57]} {[%emt 00:00:12]} 7. h3 {[%clk 00:14:52]} {[%emt 00:00:07]}
a6 {[%clk 00:14:57]} {[%emt 00:00:05]} 8. Bf1 {[%clk 00:14:51]} {[%emt
00:00:05]} Be7 {[%clk 00:14:50]} {[%emt 00:00:13]} 9. d4 {[%clk 00:14:52]}
{[%emt 00:00:04]} Qc7 {[%clk 00:14:05]} {[%emt 00:00:50]} 10. d5 {[%clk
00:13:12]} {[%emt 00:01:45]} Nd8 {[%emt 00:00:03]} 11. a4 {[%clk 00:12:58]}
{[%emt 00:00:17]} O-O {[%clk 00:14:03]} {[%emt 00:00:10]} 12. Nbd2 {[%clk
00:12:49]} {[%emt 00:00:14]} Ne8 {[%clk 00:14:03]} {[%emt 00:00:05]} 13. Bd3
{[%clk 00:12:10]} {[%emt 00:00:44]} Rb8 {[%clk 00:13:57]} {[%emt 00:00:12]} 14.
a5 {[%clk 00:12:08]} {[%emt 00:00:07]} h6 {[%clk 00:13:41]} {[%emt 00:00:22]}
15. Nc4 {[%clk 00:11:09]} {[%emt 00:01:03]} f5 {[%clk 00:13:42]} {[%emt
00:00:04]} 16. exf5 {[%clk 00:10:27]} {[%emt 00:00:47]} Bxf5 {[%clk 00:13:39]}
{[%emt 00:00:09]} 17. Bxf5 {[%clk 00:10:29]} {[%emt 00:00:03]} Rxf5 {[%clk
00:13:38]} {[%emt 00:00:05]} 18. Qd3 {[%clk 00:10:09]} {[%emt 00:00:24]} Rf8
{[%clk 00:13:22]} {[%emt 00:00:18]} 19. Be3 {[%clk 00:08:44]} {[%emt 00:01:33]}
Qd7 {[%clk 00:12:41]} {[%emt 00:00:47]} 20. Nfd2 {[%clk 00:08:42]} {[%emt
00:00:06]} Qb5 {[%clk 00:12:11]} {[%emt 00:00:35]} 21. Ra3 {[%clk 00:08:43]}
{[%emt 00:00:05]} Nc7 {[%clk 00:11:50]} {[%emt 00:00:26]} 22. Bxh6 {[%clk
00:05:52]} {[%emt 00:02:57]} Nf7 {[%clk 00:10:58]} {[%emt 00:00:56]} 23. Be3
{[%clk 00:05:52]} {[%emt 00:00:06]} Ne8 {[%clk 00:10:44]} {[%emt 00:00:18]} 24.
Rb3 {[%clk 00:05:48]} {[%emt 00:00:09]} Qd7 {[%clk 00:10:43]} {[%emt 00:00:04]}
25. Nb6 {[%clk 00:05:48]} {[%emt 00:00:06]} Qc7 {[%clk 00:10:32]} {[%emt
00:00:15]} 26. Ra3 {[%clk 00:05:45]} {[%emt 00:00:09]} Nf6 {[%clk 00:10:28]}
{[%emt 00:00:11]} 27. Ra4 {[%clk 00:05:47]} {[%emt 00:00:02]} Nd7 {[%clk
00:10:13]} {[%emt 00:00:19]} 28. Rg4 {[%clk 00:05:33]} {[%emt 00:00:19]} Nxb6
{[%clk 00:10:03]} {[%emt 00:00:15]} 29. axb6 {[%clk 00:05:17]} {[%emt
00:00:22]} Qxb6 {[%clk 00:10:05]} {[%emt 00:00:03]} 30. Qg6 {[%clk 00:05:16]}
{[%emt 00:00:06]} Bf6 {[%clk 00:10:06]} {[%emt 00:00:04]} 31. Qxf6 {[%clk
00:05:18]} {[%emt 00:00:04]} 1-0

[Event "Elite Hotels Open 2025"]
[Site "Elite Stadshotellet, Växjö, Sweden"]
[Date "2025.02.07"]
[Round "2.12"]
[White "Johansson, Isac"]
[Black "Medhus, Vitus Bondo"]
[Result "0-1"]
[TimeControl "R1-4: 15 min + 5 sek, R5-8: 90 min + 30 sek"]
[BlackTitle "FM"]
[WhiteElo "1958"]
[BlackElo "2261"]

1. e4 {[%clk 00:15:06]} {[%emt 00:00:04]} e5 {[%clk 00:15:08]} {[%emt
00:00:02]} 2. Nf3 {[%clk 00:15:10]} {[%emt 00:00:02]} Nc6 {[%clk 00:15:11]}
{[%emt 00:00:01]} 3. d4 {[%clk 00:15:14]} {[%emt 00:00:02]} exd4 {[%clk
00:15:13]} {[%emt 00:00:03]} 4. Bc4 {[%clk 00:15:17]} {[%emt 00:00:01]} Nf6
{[%clk 00:15:09]} {[%emt 00:00:09]} 5. e5 {[%clk 00:15:21]} {[%emt 00:00:01]}
d5 {[%clk 00:15:10]} {[%emt 00:00:04]} 6. Bb5 {[%clk 00:15:25]} {[%emt
00:00:01]} Nd7 {[%clk 00:15:14]} {[%emt 00:00:02]} 7. Bxc6 {[%clk 00:14:15]}
{[%emt 00:01:16]} bxc6 {[%clk 00:15:17]} {[%emt 00:00:02]} 8. O-O {[%clk
00:13:54]} {[%emt 00:00:26]} Be7 {[%clk 00:13:16]} {[%emt 00:02:05]} 9. e6
{[%clk 00:13:21]} {[%emt 00:00:38]} fxe6 {[%clk 00:12:56]} {[%emt 00:00:25]} 10.
Nxd4 {[%clk 00:13:24]} Nb8 {[%clk 00:12:26]} {[%emt 00:00:35]} 11. Qh5+ {[%clk
00:09:12]} {[%emt 00:04:18]} g6 {[%clk 00:12:29]} 12. Qh6 {[%clk 00:09:05]}
{[%emt 00:00:12]} Bf6 {[%clk 00:11:10]} {[%emt 00:01:24]} 13. Nf3 {[%clk
00:08:24]} {[%emt 00:00:47]} Qe7 {[%clk 00:11:10]} {[%emt 00:00:05]} 14. Nc3
{[%clk 00:06:54]} {[%emt 00:01:35]} Bg7 {[%clk 00:11:07]} {[%emt 00:00:08]} 15.
Qf4 {[%clk 00:05:44]} {[%emt 00:01:15]} e5 {[%clk 00:11:06]} {[%emt 00:00:06]}
16. Qa4 {[%clk 00:05:19]} {[%emt 00:00:30]} O-O {[%clk 00:11:04]} {[%emt
00:00:06]} 17. Bg5 {[%clk 00:04:39]} {[%emt 00:00:46]} Qd6 {[%clk 00:11:07]}
{[%emt 00:00:02]} 18. Rad1 {[%clk 00:03:50]} {[%emt 00:00:54]} Nd7 {[%clk
00:11:03]} {[%emt 00:00:09]} 19. Rfe1 {[%clk 00:03:23]} {[%emt 00:00:32]} Nb6
{[%clk 00:10:58]} {[%emt 00:00:09]} 20. Qh4 {[%clk 00:03:19]} {[%emt 00:00:10]}
Qe6 {[%clk 00:09:45]} {[%emt 00:01:18]} 21. Nxe5 {[%clk 00:02:14]} {[%emt
00:01:09]} Bxe5 {[%clk 00:08:28]} {[%emt 00:01:23]} 22. f4 {[%clk 00:02:11]}
{[%emt 00:00:08]} Nc4 {[%clk 00:08:32]} {[%emt 00:00:02]} 23. fxe5 {[%clk
00:01:44]} {[%emt 00:00:31]} Nxb2 {[%clk 00:08:35]} {[%emt 00:00:02]} 24. Rd2
{[%clk 00:01:04]} {[%emt 00:00:45]} Ba6 {[%clk 00:08:39]} 25. Bf6 {[%clk
00:00:58]} {[%emt 00:00:11]} Rae8 {[%clk 00:08:20]} {[%emt 00:00:23]} 26. Rb1
{[%clk 00:00:37]} {[%emt 00:00:26]} Nc4 {[%clk 00:08:12]} {[%emt 00:00:13]} 27.
Qh6 {[%clk 00:00:17]} {[%emt 00:00:26]} Rf7 {[%clk 00:07:55]} {[%emt 00:00:22]}
28. Re2 {[%clk 00:00:20]} {[%emt 00:00:02]} Na3 {[%clk 00:07:10]} {[%emt
00:00:49]} 29. Ree1 {[%clk 00:00:13]} {[%emt 00:00:13]} Nxb1 {[%clk 00:07:06]}
{[%emt 00:00:08]} 30. Rxb1 {[%clk 00:00:17]} Rxf6 {[%clk 00:06:53]} {[%emt
00:00:19]} 31. exf6 {[%clk 00:00:18]} {[%emt 00:00:05]} Qxf6 {[%clk 00:06:56]}
{[%emt 00:00:01]} 32. Na4 {[%clk 00:00:07]} {[%emt 00:00:16]} Qd4+ {[%clk
00:06:49]} {[%emt 00:00:12]} 33. Kh1 {[%clk 00:00:09]} {[%emt 00:00:23]} Qxa4
{[%clk 00:06:39]} {[%emt 00:00:12]} 34. h4 {[%clk 00:00:07]} {[%emt 00:00:07]}
Qxc2 {[%clk 00:06:28]} {[%emt 00:00:16]} 35. Rc1 {[%clk 00:00:08]} {[%emt
00:00:04]} Qf2 {[%clk 00:06:08]} {[%emt 00:00:26]} 36. Rxc6 {[%clk 00:00:08]}
{[%emt 00:00:05]} Re1+ {[%clk 00:05:55]} {[%emt 00:00:17]} 37. Kh2 {[%clk
00:00:11]} {[%emt 00:00:02]} Qg1+ {[%clk 00:05:58]} {[%emt 00:00:02]} 38. Kh3
{[%clk 00:00:13]} {[%emt 00:00:04]} Bc8+ {[%clk 00:05:58]} {[%emt 00:00:04]} 39.
Kg3 {[%clk 00:00:16]} {[%emt 00:00:03]} Re3+ {[%clk 00:05:55]} {[%emt
00:00:07]} 40. Kf4 {[%clk 00:00:18]} {[%emt 00:00:04]} Qf2+ {[%clk 00:05:57]}
{[%emt 00:00:02]} 0-1